Llwytho...

Political science and government

Manylion Llyfryddiaeth
Fformat: Printed Book
LEADER 00326nam a2200157 4500
082
100
245 |a Political science and government 
250
260
300
490
650
942 |c BK 
999 |c 221060  |d 221060 
952 |0 0  |1 0  |4 0  |7 0  |9 235193  |a SDE  |b SDE  |d 2019-12-12  |l 0  |p SDE345  |r 2019-12-12  |w 2019-12-12  |y BK